Vaan Theda Mathi / (Record no. 179510)

MARC details
000 -LEADER
fixed length control field 00882nam a22002891i 4500
005 - DATE AND TIME OF LATEST TRANSACTION
control field 20201014125937.0
008 - FIXED-LENGTH DATA ELEMENTS--GENERAL INFORMATION
fixed length control field 201014s2018 ii a|||e ||| 000 f tam d
020 ## - INTERNATIONAL STANDARD BOOK NUMBER
Qualifying information paperback
040 ## - CATALOGING SOURCE
Original cataloging agency PPAK
Language of cataloging eng
Transcribing agency PPAK
Description conventions rda
082 04 - DEWEY DECIMAL CLASSIFICATION NUMBER
Edition number 23
Classification number 894.8113
090 00 - LOCALLY ASSIGNED LC-TYPE CALL NUMBER (OCLC); LOCAL CALL NUMBER (RLIN)
Classification number (OCLC) (R) ; Classification number, CALL (RLIN) (NR) 894.8113
Feature heading SRI
Feature heading G
100 0# - MAIN ENTRY--PERSONAL NAME
Linkage 880-01
Personal name Srikala
Relator term author.
245 10 - TITLE STATEMENT
Linkage 880-02
Title Vaan Theda Mathi /
Statement of responsibility, etc. Srikala
246 33 - VARYING FORM OF TITLE
Title proper/short title Mencari langit
264 #1 - PRODUCTION, PUBLICATION, DISTRIBUTION, MANUFACTURE, AND COPYRIGHT NOTICE
Place of production, publication, distribution, manufacture Chennai, India :
Name of producer, publisher, distributor, manufacturer Arun Pathippagam ,
Date of production, publication, distribution, manufacture, or copyright notice 2018.
300 ## - PHYSICAL DESCRIPTION
Extent 2 volume (508 pages, 492 pages) ;
Dimensions 18 cm.
336 ## - CONTENT TYPE
Source rdacontent
Content type term text
337 ## - MEDIA TYPE
Source rdamedia
Media type term unmediated
338 ## - CARRIER TYPE
Source rdacarrier
Carrier type term volume
546 ## - LANGUAGE NOTE
Language note In Tamil.
650 10 - SUBJECT ADDED ENTRY--TOPICAL TERM
Topical term or geographic name entry element Man-woman relationships
General subdivision Fiction.
Topical term or geographic name entry element Tamil fiction.
655 #0 - INDEX TERM--GENRE/FORM
Genre/form data or focus term Romance fiction
880 0# - ALTERNATE GRAPHIC REPRESENTATION
Linkage 100-01
a ஸ்ரீகலா
Linkage 245-02
a வான் தேடா மதி
942 ## - ADDED ENTRY ELEMENTS (KOHA)
Source of classification or shelving scheme Dewey Decimal Classification
Koha item type Book
Holdings
Withdrawn Not for loan Current library Shelving location Date acquired Serial Enumeration / chronology Total Checkouts Total Renewals Full call number Barcode Date last seen Date last checked out Koha item type Checked out
    Perpustakaan Alor Setar Pinjaman Dewasa 10/11/2020 Part 1 4 1 894.8113 SRI A01660599 20/07/2023 19/06/2023 Book  
    Perpustakaan Alor Setar Pinjaman Dewasa 10/11/2020 Part 2 4 1 894.8113 SRI A01660601 20/07/2023 19/06/2023 Book  
    Perpustakaan Kulim Pinjaman Dewasa 10/11/2020 Part 1 4 1 894.8113 SRI A01660600 20/06/2026 26/05/2026 Book  
    Perpustakaan Kulim Pinjaman Dewasa 10/11/2020 Part 2 3 1 894.8113 SRI A01660602 20/06/2026 20/06/2026 Book 11/07/2026